000 00576nam a2200241Ia 4500
003 OSt
005 20220916111030.0
006 a|||||r|||| 00| 0
007 ta
008 220915b |||||||| |||| 00| 0 eng d
024 _a123907
037 _cTextbook
040 _beng
_aARTS
_cARTS
041 _aeng
082 _aV631:1:N0, D6 (906)
100 _aJeppe Carl
245 0 _aKaleidoscopic transvaal
250 _a2nd
260 _c1906
650 _aHISTORY
942 _hV631:1:N0, D6 (906)
_cTB
_2CC
999 _c103946
_d103946